01645nam a2200289 i 4500001001000000003000900010005001700019007000300036008004100039040003000080041000800110082002500118100005000143245021500193264003600408300003900444336002700483337003300510338002800543500013300571501025200704504007300956600003401029651005801063651005701121700017701178000028815DO-SdBNP20260305072322.0ta100813s1986 dr a r 000 0bspa d aDO-SdBNPbspacBNPHUerda aspa 4a923.57293bG633B2221 a Balaguer, Joaquín,d1906-2002eautor4aut.10aRecuerdo de los actos oficiales celebrados en Baní, cuna del generalísimo Máximo Gómez, el 18 de noviembre de 1986, día del 150º aniversario de su nacimiento /cJoaquín Balaguer, César A. Herrera 1aSanto Domingo :bTaller,c1986. a29 páginas :bretratos ;c22 cm. atextobtxt2rdacontent asin mediaciónbn2rdamedia avolumenbnc2rdacarrier aHomenaje del Gobierno Constitucional de la República al Generalisimo Máximo Gómez en el sesquicentenario de su nacimiento. aCon: Decreto que crea la comisión oficial encargada de la realización del programa del 150º aniversario del nacimiento de Máximo Gómez / Joaquín Balaguer -- Máximo Gómez / Joaquín Balaguer -- Máximo Gómez / César A. Herrera. aIncluye referencias bibliográficas y notas al pie de las páginas14aGómez, Máximo,d1836-1905 4aCubaxHistoriayGuerra de los diez años, 1868-1878  4aCubaxHistoriayGuerra de Independencia , 1895-1898 1 a Balaguer, Joaquín,d1906-2002tDecreto que crea la comisión oficial encargada de la realización del programa del 150º aniversario del nacimiento de Máximo Gómez